000
00228nam a22000857a 4500
008
170616b xxu||||| |||| 00| 0 eng d
100
_9
3438
_a
Chatterjee. S. P
245
_a
Romance of postage stamps
260
_a
New Delhi
_b
N. B. T
_c
2009
999
_c
6813
_d
6813